Дело о получении Курляндским губернским правлением завещаного помещицей А.-Е.-Е. фон Кошкуль капитала в пользу нуждающихся дворя...

Доступно только в Электронных читальных залах Найти на картеНа карте
RUSMARC
00004212nmc2a2200000 x 450
0017319aa2f-28aa-460b-bbeb-e8a41d22bdd3
00520171009113443.0
100##$a20140513l18331833k l0rusy0189 ca
1010#$arus
102##$aRU
2001#$aДело о получении Курляндским губернским правлением завещаного помещицей А.-Е.-Е. фон Кошкуль капитала в пользу нуждающихся дворянских вдов, девиц и детей, обучающихся в училищах
$j21 февраля 1833 г.
251##$cДело
300##$aДело
300##$aОриг. заголовок дела: Дело по донесению попечителя Дерптского учебного округа о духовном заведении помещицы Кошкуль. 21 февраля 1833 г
801#0$aRU
$bРГИА
$c20140513
$gRCR
801#1$aRU
$bГлавНИВЦ
$c20140513
$2rusmarc
801#2$aRU
$bПБ им. Б.Н. Ельцина
$c20171009
$gRCR
$2rusmarc
850##$aРГИА
852##$aРГИА
$eФедеральное казенное учреждение "Российский государственный исторический архив" (РГИА)
$j578
937##$hРГИА
$d11175590
$aASBIBLIO_SCAN
462#0$10015faafd89-1df2-4e8f-a0ba-1d8a620713c6
$12001
$aДела Департамента народного просвещения по Дерптскому учебному округу за 1802-1836 гг.
$1251
$cОпись
$1852
$j56
461#0$1001a74412a3-3cc5-4d21-8f0a-dfe2fbd9e72d
$12001
$aДепартамент народного просвещения Министерства народного просвещения (1803-1917)
$1251
$cФонд
$1852
$j733
215##$a6 л.
$d36,5х26 см
371##$aДокумент не является опубликованным и широко распространяемым
105##$ay###
1220#$ad
5171#$aДело по донесению попечителя Дерптского учебного округа о духовном заведении помещицы Кошкуль. 21 февраля 1833 г
035##$a7319aa2f-28aa-460b-bbeb-e8a41d22bdd3
856##$uhttp://readingroom.main.prlib.ru/item.aspx?id_node=n106579933&mode=full
Формат отображения